Crítica de la razón pura
Salvato in:
| Natura: | Libro |
|---|---|
| Lingua: | spagnolo |
| Pubblicazione: |
Buenos Aires
Losada
1976
|
| Edizione: | 8a. ed |
| Serie: | Biblioteca Filosófica
|
| Soggetti: | |
| Tags: |
Aggiungi Tag
Nessun Tag, puoi essere il primo ad aggiungerne!!
|
MARC
| LEADER | 00000nam a2200000 a 4500 | ||
|---|---|---|---|
| 001 | UCL0373 | ||
| 003 | CL-VaPUC | ||
| 005 | 20210515001818.0 | ||
| 008 | 030711e19760000AG |||||||||||||||||spa|d | ||
| 999 | |c 304246 |d 304244 | ||
| 040 | |c Pontificia Universidad Católica de Valparaíso | ||
| 082 | 0 | 4 | |a 142.3 |b KAN |2 21 |
| 245 | 1 | 0 | |a Crítica de la razón pura |
| 250 | |a 8a. ed | ||
| 260 | |a Buenos Aires |b Losada |c 1976 | ||
| 300 | |a v | ||
| 490 | 0 | |a Biblioteca Filosófica | |
| 500 | |a v.1 Estética trascendental y analítica trascendental | ||
| 500 | |a v.2 Dialéctica trascendental y metodología trascendental | ||
| 583 | |a last modification |c 20030711 00:00:00 |k Rodrigo Vera | ||
| 650 | 0 | |a Teoría del conocimiento |9 255038 | |
| 650 | 0 | |a Filosofía alemana |9 265002 | |
| 650 | 0 | |a Metafísica |9 265649 | |
| 650 | 0 | |a Escuelas filosóficas |9 266232 | |
| 852 | |a BIBCUR | ||
| 942 | |c BK |2 ddc | ||
| 945 | |d 20030711 00:00:00 |a cmena | ||
| 952 | |0 0 |1 0 |4 0 |6 142_300000000000000_KAN_1976 |7 0 |8 A |9 366205 |a BIBDER |b BIBDER |d 2019-11-21 |h v.1 |i 3918874 |l 1 |m 1 |o 142.3 KAN 1976 |p 3918874 |r 2023-01-25 |s 2022-12-02 |w 2019-11-21 |y BK |k DER | ||
| 952 | |0 0 |1 0 |4 0 |6 142_300000000000000_KAN_1976 |7 0 |8 A |9 366206 |a BIBDER |b BIBDER |d 2019-11-21 |h v.2 |i 3918882 |l 1 |m 1 |o 142.3 KAN 1976 |p 3918882 |r 2023-01-25 |s 2022-12-02 |w 2019-11-21 |y BK |k DER | ||